Súčasná situácia v oblasti regionálnej bezpečnostnej spolupráce v Európe a jej budúcnosť
Charta Spojených národov a úloha regionálnych inštitúcií - riešenie regionálnych problémov v rámci samotného regiónu. Regionálna bezpečnostná spolupráca v Európe, proces fundamentálnych zmien vo všetkých regionálnych bezpečnostných štruktúrach. Spoločný a komplexný bezpečnostný model pre 21. storoči...
Salvato in:
| Autore principale: | |
|---|---|
| Natura: | Capitolo di libro |
| Lingua: | slovacco |
| Soggetti: | |
| Tags: |
Nessun Tag, puoi essere il primo ad aggiungerne!!
|
MARC
| LEADER | 00000naa a2200000 4500 | ||
|---|---|---|---|
| 001 | r021731 | ||
| 005 | 20230922114038.4 | ||
| 041 | 0 | |a slo | |
| 044 | |a SK | ||
| 245 | 1 | 0 | |a Súčasná situácia v oblasti regionálnej bezpečnostnej spolupráce v Európe a jej budúcnosť |c M. Peško |
| 520 | |a Charta Spojených národov a úloha regionálnych inštitúcií - riešenie regionálnych problémov v rámci samotného regiónu. Regionálna bezpečnostná spolupráca v Európe, proces fundamentálnych zmien vo všetkých regionálnych bezpečnostných štruktúrach. Spoločný a komplexný bezpečnostný model pre 21. storočie v oblasti pôsobnosti OBSE, spolupráca medzi bezpečnostnými organizáciami. Európa a globálny bezpečnostný systém. Perspektíva regionálnej bezpečnostnej spolupráce v Európe. | ||
| 610 | 2 | 0 | |a bezpečnosť európska |
| 610 | 2 | 0 | |a spolupráca medzinárodná |
| 610 | 2 | 0 | |a charta |
| 610 | 2 | 0 | |a regióny |
| 610 | 2 | 0 | |a Európa |
| 610 | 2 | 0 | |a OBSE |
| 610 | 2 | 0 | |a NATO |
| 610 | 2 | 0 | |a OSN |
| 610 | 2 | 0 | |a bezpečnosť |
| 100 | 1 | |a Peško, Marcel | |